000
00298cam a22001097a 4500
008
180718b1959 xxu||||| |||| 00| 0 eng d
082
_a
B7303x5461 D378
100
_a
Municipal Corporation of Delhi
245
_a
Manual of rules and regulations
260
_a
Delhi
_b
The author
_c
1959
300
_a
102p.
999
_c
488695
_d
488695